000 00230 a2200097 4500
001 47736
100 _aSarton G
245 _aAncient science and modern civilization
260 _aLondon
_bEdward Arnold
_c
090 _c30740
_d30740
942 _aNUST-CAE
_cM
_c23048
999 _c282809
_d282809